• 首页
  • 本馆介绍
  • 公告通知
  • 最新文献
  • 馆藏检索
  • 电子资源
  • 读者导购
  • 参考咨询
  • 我的图书馆
  • 登录
  • 详细信息显示
  • 放入我的书架
  • 预约/预借图书
  • 作者相关作品
  • 分类相关作品
  • 丛书相关作品
  • 出版社相关作品

书目信息

  • 表格格式
  • 工作单格式
  • 卡片格式
题名:
读曲常识
    
 
作者: 刘致中 , 侯镜昶 著
分册:  
出版信息: 上海   上海古籍出版社  1985
页数: 122页
开本: 19cm
丛书名: 中国古典文学基本知识丛书
单 册:
中图分类: I207.37 , I207.24
科图分类:
主题词: 古代戏曲--基本知识--中国 , 文学--中国
电子资源:
ISBN:
000 00819nam2 2200301 45
001 0185004587
005 20040418142116.0
010    @dCNY0.34
091    @a10186.530
100    @a19901106d1985 em y0chiy0121 ea
101 0  @achi
102    @aCN@b310000
105    @ay z 000gy
106    @ar
200 10 @a读曲常识@Adu qu chang shi@f刘致中, 侯镜昶著
210    @a上海@c上海古籍出版社@d1985
215    @a122页@d19cm
225 2  @a中国古典文学基本知识丛书
410  0 @120010@a中国古典文学基本知识丛书
606    @a古代戏曲@x基本知识@y中国
606 0  @a文学@x中国
690    @aI207.37@v3
690    @aI207.24
701  0 @a刘致中@Aliu zhi zhong@4著
701  0 @a侯镜昶@Ahou jing chang@4著
801  0 @aCN@b深圳图书馆@c20040418
801  2 @aCN@bNLC@c20040418
905    @dI207.24@e251@b169701-704@f4
    
    读曲常识/刘致中, 侯镜昶著.-上海:上海古籍出版社,1985
    122页;19cm.-(中国古典文学基本知识丛书)
    
    
    ISBN :CNY0.34
    
●
相关链接 在E读中查询图书 在五车中查询图书 在当当中查询图书 在豆瓣中查询图书


正题名:读曲常识     索取号:I207.24/251         预约/预借

序号 登录号 条形码 馆藏地/架位号 状态 备注
1 0169701   001396947   第二借阅区/ [索取号:I207.24/251] 在馆    
2 0169702   001396938   密集书库/ [索取号:I207.24/251] 在馆    
3 0169703   000067466   密集书库/ [索取号:I207.24/251] 在馆    
4 0169704   001396901   密集书库/ [索取号:I207.24/251] 在馆    
5 0169705   001396974   第一样本阅览室/ [索取号:I207.24/251] 在馆    
唐山师范学院图书馆 欢迎您!
大连网信软件有限公司© 版权所有